Environmental management of toxic and hazardous chemicals / (Record no. 1668)
[ view plain ]
| 000 -LEADER | |
|---|---|
| fixed length control field | 00739nam a2200193 4500 |
| 001 - CONTROL NUMBER | |
| control field | 2123 |
| 005 - DATE AND TIME OF LATEST TRANSACTION | |
| control field | 20181127164611.0 |
| 020 00 - INTERNATIONAL STANDARD BOOK NUMBER | |
| International Standard Book Number | 8178900009 |
| 090 00 - LOCALLY ASSIGNED LC-TYPE CALL NUMBER (OCLC); LOCAL CALL NUMBER (RLIN) | |
| Classification number (OCLC) (R) ; Classification number, CALL (RLIN) (NR) | 628.42 A7698e 2001 |
| 100 00 - MAIN ENTRY--PERSONAL NAME | |
| Personal name | Arora, M. |
| 245 00 - TITLE STATEMENT | |
| Title | Environmental management of toxic and hazardous chemicals / |
| Remainder of title | |
| Statement of responsibility, etc. | M. Arora. |
| Medium | |
| 250 00 - EDITION STATEMENT | |
| Edition statement | 1st ed |
| 260 00 - PUBLICATION, DISTRIBUTION, ETC. | |
| Place of publication, distribution, etc. | New Delhi : |
| Name of publisher, distributor, etc. | IVY Publishing House, |
| Date of publication, distribution, etc. | 2001. |
| 300 00 - PHYSICAL DESCRIPTION | |
| Extent | 293 p. |
| 500 00 - GENERAL NOTE | |
| General note | This book is an Introduction to different aspects of management of toxic and hazardous chemicals in the light of tremendous achievements in the last few decades in a very comprehensive and thought provoking manner. |
| 650 00 - SUBJECT ADDED ENTRY--TOPICAL TERM | |
| Topical term or geographic name entry element | Environmental management. |
| General subdivision | |
| Topical term or geographic name entry element | Hazardous chemicals. |
| General subdivision | |
| Topical term or geographic name entry element | Hazardous substances. |
| General subdivision | |
| Withdrawn status | Lost status | Source of classification or shelving scheme | Damaged status | Not for loan | Collection code | Home library | Current library | Shelving location | Date acquired | Cost, normal purchase price | Serial Enumeration / chronology | Inventory number | Full call number | Barcode | Date last seen | Price effective from | Koha item type |
|---|---|---|---|---|---|---|---|---|---|---|---|---|---|---|---|---|---|
| Dewey Decimal Classification | Main TEST | RTC Library | RTC Library | Main opac | 08/03/2022 | 525.00 | 3071 | 628.42 ARO | 30003272 | 27/11/2018 | 27/11/2018 | Main |